<?xml version="1.0" encoding="UTF-8"?>
<record
    xmlns:xsi="http://www.w3.org/2001/XMLSchema-instance"
    xsi:schemaLocation="http://www.loc.gov/MARC21/slim http://www.loc.gov/standards/marcxml/schema/MARC21slim.xsd"
    xmlns="http://www.loc.gov/MARC21/slim">

  <leader>01582cam a22002654a 4500</leader>
  <controlfield tag="001">50113415</controlfield>
  <controlfield tag="003">OCoLC</controlfield>
  <controlfield tag="005">20220227203927.0</controlfield>
  <controlfield tag="008">020605s2002    ilua     b    001 0 eng  </controlfield>
  <datafield tag="010" ind1=" " ind2=" ">
    <subfield code="a">2002008870</subfield>
  </datafield>
  <datafield tag="020" ind1=" " ind2=" ">
    <subfield code="a">0830826963 (pbk. : alk. paper)</subfield>
  </datafield>
  <datafield tag="020" ind1=" " ind2=" ">
    <subfield code="a">9780830826964 (pbk. : alk. paper)</subfield>
  </datafield>
  <datafield tag="035" ind1=" " ind2=" ">
    <subfield code="a">(OCoLC)50113415</subfield>
  </datafield>
  <datafield tag="040" ind1=" " ind2=" ">
    <subfield code="a">DLC</subfield>
    <subfield code="c">DLC</subfield>
    <subfield code="d">BAKER</subfield>
    <subfield code="d">BTCTA</subfield>
    <subfield code="d">LVB</subfield>
    <subfield code="d">YDXCP</subfield>
    <subfield code="d">HNW</subfield>
    <subfield code="d">IG#</subfield>
    <subfield code="d">BSC</subfield>
  </datafield>
  <datafield tag="042" ind1=" " ind2=" ">
    <subfield code="a">pcc</subfield>
  </datafield>
  <datafield tag="092" ind1=" " ind2=" ">
    <subfield code="a">230.041</subfield>
    <subfield code="b">G624a, 2002</subfield>
  </datafield>
  <datafield tag="100" ind1="1" ind2=" ">
    <subfield code="a">Goldsworthy, Graeme.</subfield>
  </datafield>
  <datafield tag="245" ind1="1" ind2="0">
    <subfield code="a">According to plan :</subfield>
    <subfield code="b">the unfolding revelation of God in the Bible /</subfield>
    <subfield code="c">Graeme Goldsworthy.</subfield>
  </datafield>
  <datafield tag="260" ind1=" " ind2=" ">
    <subfield code="a">Downers Grove, Ill. :</subfield>
    <subfield code="b">InterVarsity Press,</subfield>
    <subfield code="c">2002.</subfield>
  </datafield>
  <datafield tag="300" ind1=" " ind2=" ">
    <subfield code="a">251 p. :</subfield>
    <subfield code="b">ill. ;</subfield>
    <subfield code="c">23 cm.</subfield>
  </datafield>
  <datafield tag="504" ind1=" " ind2=" ">
    <subfield code="a">Includes bibliographical references and indexes.</subfield>
  </datafield>
  <datafield tag="505" ind1="0" ind2=" ">
    <subfield code="a">The leech has two daughters -- God makes himself known -- But how can we know? -- Christ has made him known -- And we know him through Scripture -- The Bible is the divine-human Word -- We begin and end with Christ -- I am the first and the last -- Creation by word -- The fall -- First revelation of redemption -- Abraham our father -- Exodus : pattern of redemption -- New life : gift and task -- The temptation in the wilderness -- Into the good land -- God's rule in God's land -- The life of faith -- The fading shadow -- There is a new creation -- The second exodus -- The new creation for us -- The new creation in us initiated -- The new creation in us now -- The new creation consummated -- Knowing God's will -- Life after death.</subfield>
  </datafield>
  <datafield tag="630" ind1="0" ind2="0">
    <subfield code="a">Bible</subfield>
    <subfield code="x">Theology.</subfield>
  </datafield>
  <datafield tag="942" ind1=" " ind2=" ">
    <subfield code="2">ddc</subfield>
    <subfield code="c">BK</subfield>
  </datafield>
  <datafield tag="999" ind1=" " ind2=" ">
    <subfield code="c">10831</subfield>
    <subfield code="d">10831</subfield>
  </datafield>
  <datafield tag="952" ind1=" " ind2=" ">
    <subfield code="0">0</subfield>
    <subfield code="1">0</subfield>
    <subfield code="2">ddc</subfield>
    <subfield code="4">0</subfield>
    <subfield code="7">0</subfield>
    <subfield code="8">NFIC</subfield>
    <subfield code="a">HMC</subfield>
    <subfield code="b">HMC</subfield>
    <subfield code="c">GEN</subfield>
    <subfield code="d">2022-02-27</subfield>
    <subfield code="l">0</subfield>
    <subfield code="o">230 G624A</subfield>
    <subfield code="p">012664</subfield>
    <subfield code="r">2022-02-27 00:00:00</subfield>
    <subfield code="w">2022-02-27</subfield>
    <subfield code="y">BK</subfield>
  </datafield>
  <datafield tag="952" ind1=" " ind2=" ">
    <subfield code="0">0</subfield>
    <subfield code="1">0</subfield>
    <subfield code="2">ddc</subfield>
    <subfield code="4">0</subfield>
    <subfield code="7">0</subfield>
    <subfield code="8">NFIC</subfield>
    <subfield code="a">HMC</subfield>
    <subfield code="b">HMC</subfield>
    <subfield code="c">GEN</subfield>
    <subfield code="d">2022-02-27</subfield>
    <subfield code="l">0</subfield>
    <subfield code="o">230 G624A</subfield>
    <subfield code="p">012765</subfield>
    <subfield code="r">2022-07-13 00:00:00</subfield>
    <subfield code="w">2022-02-27</subfield>
    <subfield code="y">BK</subfield>
  </datafield>
</record>
